| 000 | 00883cab a2200253 4500 | ||
|---|---|---|---|
| 001 | ABS48977 | ||
| 008 | 090401t1993 xxu||||| |||| 00| 0 eng d | ||
| 035 | _a(Sirsi) u69308 | ||
| 041 | _aeng | ||
| 245 | _aTowering above the opposition | ||
| 260 | _c1993 | ||
| 350 | _a0 | ||
| 490 |
_aProperty Confidential _v(455) July 1993, 2-8(5) |
||
| 520 | _aA feature on high-rise blocks of flats focusing on attempts by two architects, Chuck Maas and Ben Darbyshire, to regain local acceptance of this type of accommodation. Their approach is based on refurbishment and private sector management, possibly through tenant co-operatives. | ||
| 650 | _aEDINBURGH | ||
| 650 | _aFLATS | ||
| 650 | _aHIGH RISE BUILDINGS | ||
| 650 | _aHUNT THOMPSON ASSOCIATES | ||
| 650 | _aLEITH | ||
| 650 | _aTOWER BLOCKS | ||
| 690 |
_aBlock management _96220 |
||
| 942 | _n0 | ||
| 948 | _c04/03/1997 | ||
| 999 |
_c43528 _d43528 |
||